=LDR 00000nam 2200000 4500 =001 INLIS000000000024804 =005 20130612123350 =008 ***********************************ind** =035 ##$$0010-061300000024804 =041 ##$$a ind =082 ##$$a 2x3.11 =090 ##$$a 2x3.11, SEG m =100 ##$$a As Segaf, Alawi bin Abdul Qadir =245 ##$$a Mengungkap kesempurnaan sifat-sifat Allah, dalam Al-Qur'an dan As-Sunnah, Alawi bin Abdul Qadir As-Segaf =260 ##$$a 2000 $b Jakarta =300 ##$$a xxiv, 259 hlm., 21 cm =650 ##$$a Sifat-Sifat Allah =850 ##$$a NBPNMAT =990 ##$$a 0001/BPAP-NTB/20142015 =990 ##$$a 0199/BPAP-NTB/2016